LEADER 01434nam 2200457 450 001 9910131615103321 010 $a3-527-68011-X 010 $a3-527-68009-8 010 $a3-527-68010-1 035 $a(CKB)3710000000478902 035 $a(MiAaPQ)EBC4529275 035 $a(PPN)228907101 035 $a(EXLCZ)993710000000478902 100 $a20161214h20162016 uy 0 101 0 $aeng 135 $aurcnu|||||||| 181 $2rdacontent 182 $2rdamedia 183 $2rdacarrier 200 00$aCleavage of carbon-carbon single bonds by transition metals /$fedited by Masahiro Murakami and Naoto Chatani 210 1$aWeinheim an der Bergstrasse, Germany :$cWILEY-VCH Verlag GmbH & Co. KGaA,$d2016. 210 4$dİ2016 215 $a1 online resource (363 pages) $cillustrations 311 $a3-527-33632-X 320 $aIncludes bibliographical references at the end of each chapters and index. 606 $aCarbon compounds 606 $aScission (Chemistry) 606 $aTransition metals 615 0$aCarbon compounds. 615 0$aScission (Chemistry) 615 0$aTransition metals. 676 $a661.0681 702 $aMurakami$b Masahiro 702 $aChatani$b Naoto 801 0$bMiAaPQ 801 1$bMiAaPQ 801 2$bMiAaPQ 906 $aBOOK 912 $a9910131615103321 996 $aCleavage of carbon-carbon single bonds by transition metals$92026298 997 $aUNINA